Who's the actor behind the character ? #3 - Statistics

General Stats
  • This quiz has been taken 20 times
  • The average score is 14 of 20
Answer Stats
Hint Answer % Correct
Peter Quill Chris Pratt
88%
Donnie Darko Jake Gyllenhaal
88%
Truman Burbank Jim Carrey
88%
Oskar Schindler Liam Neeson
88%
The Man With No Name Clint Eastwood
81%
The Driver Ryan Gosling
81%
Anton Chigurh Javier Bardem
75%
Rose DeWitt Bukater Kate Winslet
75%
Elizabeth Bennet Keira Knightley
75%
Frida Kahlo Salma Hayek
75%
Thelma Dickinson Geena Davis
69%
Jackie Kennedy Natalie Portman
69%
Jules Winnfield Samuel L. Jackson
69%
Michael Clayton George Clooney
63%
The Dude Jeff Bridges
63%
Barton Fink John Turturro
63%
Jackie Brown Pam Grier
63%
Daniel Plainview Daniel Day-Lewis
56%
Elle Driver Daryl Hannah
56%
V Hugo Weaving
56%
No matching quizzes found
Score Distribution
Percent of People with Each Score
Percentile by Number Answered
Your Score History
You have not taken this quiz